| 000 | 02094nam a2200409 i 4500 | ||
|---|---|---|---|
| 001 | 194706 | ||
| 003 | SpMaBN | ||
| 005 | 20250804062701.0 | ||
| 008 | 240510r20172009sp 000 f spa | ||
| 015 | _aMON17 | ||
| 017 |
_aB 14448-2017 _bOficina Depósito Legal Barcelona |
||
| 020 | _a9788483462089 | ||
| 035 | _a(OCoLC)1126500082 | ||
| 040 |
_aSpMaBN _bspa _cSpMaBN _erdc _dES-MaACL |
||
| 080 | _a821.111(540)-31"19" | ||
| 100 | 1 |
_aRushdie, Salman, _d1947- _eaut _9240737 |
|
| 240 | 1 | 0 |
_aFury _lEspañol |
| 245 | 1 | 0 |
_aFuria / _cSalman Rushdie ; traducción de Miguel Sáenz |
| 250 |
_aPrimera edición: marzo de 2009 _bPrimera reimpresión: junio de 2017 |
||
| 260 |
_a[Barcelona] : _bDebolsillo, _c2017 |
||
| 300 |
_a333 páginas ; _c19 cm |
||
| 336 |
_aTexto (visual) _2isbdcontent |
||
| 337 |
_asin mediación _2isbdmedia |
||
| 338 |
_2rdacarrier _avolumen |
||
| 490 | 0 | _aContemporánea | |
| 520 | _aNarrando la vida de un catedrático de Cambridge de origen indio que sufre una crisis de identidad, Furia aborda originalmente la vida a caballo entre dos culturas. Malik Solanka, original de Bombay, filósofo educado en Cambridge e inventor de una popular muñeca, abandona un día a su familia en Londres, sin dar ninguna explicación, y se escapa a Nueva York. Lleva la furia dentro y teme haberse convertido en un peligro para los que quiere. Llega a Nueva York en un momento de abundancia sin precedentes, el colmo de la riqueza y del poder americano, y pretende "anularse". "Cómeme, America", reza, "y dame paz". Pero la furia tambien está a su alrededor... | ||
| 594 | _aTítulo original: Fury | ||
| 655 | 0 |
_aNovelas _9234319 |
|
| 700 | 1 |
_aSáenz, Miguel, _d1932- _etrl _9101299 |
|
| 852 |
_aES-MaACL _cDEPOJ _jN-9972 _xEncuadernación rústica _hDonación: Editorial _9205877 |
||
| 942 |
_cMONOGRAFIA _n0 |
||
| 999 |
_c194706 _d194706 |
||